By the Numbers #71 - Statistics

General Stats
  • This quiz has been taken 38 times
  • The average score is 12 of 20
Answer Stats
Hint Explanation Answer % Correct
According to the idiom, the number that constitutes a crowd The Free Dictionary: two's company, three's a crowd 3
83%
14 * 40 14 * 40

   = (1 * 1 * 1 * 1) * 40

   = 1 * 40

   = 40
40
83%
33 + 100/10 33 + 100/10

   = 33 + (100 ÷ 10)

   = 33 + 10

   = 43
43
83%
Number of U.S. state capitals that begin with “Z” Wikipedia: List of capitals in the United States 0
79%
D * II The Roman numerals D and II are equivalent to the Arabic numbers 500 and 2, respectively. So, …

500 * 2 = 1000
1000
79%
Phoenix needs two cups of pumpkin to make a pumpkin spice cake. The can of pumpkin in her pantry contains 8 cups. Assuming she has enough of all the other ingredients, how many pumpkin spice cakes can Phoenix make? pumpkin/cakes : 2 cups/1 cake = 8 cups/x cakes

Cross multiplication yields …

8 = 2x

Divide both sides of the equation by 2 to find

4 = x
4
79%
If one U.S. dollar is worth 105 Japanese yen (it isn’t, but just pretend …!), how many dollars is 945 yen worth? dollar/yen : 1/105 = x/945

Cross multiplication yields …

945 = 105x

Divide both sides of the equation by 105 to find …

9 = x
9
79%
The sum of the first five positive integers Wikipedia: Integer

15
75%
Number of JetPunk sovereign nations that share a land border with Chad (borders that run through rivers and lakes are considered land borders) Wikipedia: Chad 6
71%
Number of days in the month of Iyar in the Hebrew calendar Wikipedia: Hebrew calendar 29
67%
Number of sides a pentacontagon has Wikidata: pentacontagon 50
63%
Year Canute (Cnut), Prince of Denmark, became the King of England Wikipedia: Cnut 1016
58%
Number of administrative districts that, along with the cities of Gaborone and Francistown; and the towns of Lobatse, Selebi-Phikwe, Orapa, Jwaneng and Sowa, comprise the first-level administrative divisions of Botswana Wikipedia: Districts of Botswana 10
50%
Regnal number of Pope Francis’s predecessor Wikipedia: Pope Benedict XVI 16
50%
Year the soldiers of the First Crusade wrested Jerusalem from the Fatimid Caliphate Wikipedia: First Crusade 1099
46%
Number found in the name of a San Francisco-based bag manufacturer perhaps best known for their backpacks, messenger bags and travel bags. Extra clue: The company’s name is a homophone with the name of an ancient city in Mali Wikipedia: Timbuk2 2
46%
In inches, the maximum length of a regulation baseball bat Wikipedia: Baseball bat 42
38%
Red number in the title of the 2024 Christmas action/comedy film that starred Dwayne Johnson, Chris Evans, Lucy Liu and J.K. Simmons Wikipedia: Red One (film) 1
29%
The number of times Dorothy Gale clicked her heels together to return home from Oz * the number of inches in a hand (a unit for measuring the height of a horse) Wikipedia: The Wizard of Oz


3 * 4 = 12
12
29%
Atomic number of the element silver Wikipedia: Silver 47
25%
No matching quizzes found
Score Distribution
Percent of People with Each Score
Percentile by Number Answered
Your Score History
You have not taken this quiz